[Event "Kiel op-B 27th"]
[Site "Kiel"]
[Date "2014.08.04"]
[Round "5"]
[White "Bornhorst, Lars"]
[Black "Kollhoff, Josef"]
[Result "1-0"]
[WhiteElo "1652"]
[BlackElo "1741"]
[PlyCount "101"]
[EventDate "2014.08.02"]
[EventType "swiss"]
[EventRounds "9"]
[EventCountry "GER"]
[SourceTitle "CBM 161 Extra"]
[Source "ChessBase"]
[SourceDate "2014.08.29"]
[SourceVersion "1"]
[SourceVersionDate "2014.08.29"]
[SourceQuality "1"]

1. d4 d5 2. c4 c6 3. Nc3 e6 4. cxd5 exd5 5. Bf4 Bd6 6. Bxd6 Qxd6 7. e3 Bf5 8. Bd3 Qg6 9. Bxf5 Qxf5 10. Nge2 Nd7 11. 0-0 Ngf6 12. Ng3 Qg6 13. b4 0-0 14. b5 Rfc8 15. bxc6 Rxc6 16. Qb3 Rb6 17. Nxd5 Nxd5 18. Qxd5 Nf6 19. Qc4 Rc6 20. Qb3 Rb6 21. Qc3 Rc6 22. Qd2 Rc2 23. Qb4 b6 24. Qa3 Rc7 25. Rac1 Rac8 26. Rxc7 Rxc7 27. Rc1 Rxc1+ 28. Qxc1 h6 29. Qd1 Qg4 30. Qxg4 Nxg4 31. e4 Nf6 32. Kf1 h5 33. f3 g6 34. Ke1 Kf8 35. Kd2 Ke7 36. Kd3 Kd7 37. Ne2 b5 38. d5 Kd6 39. Kd4 Nd7 40. f4 f6 41. Nc1 a6 42. Nd3 Nf8 43. Nc5 a5 44. e5+ fxe5+ 45. fxe5+ Kc7 46. Ne6+ Nxe6+ 47. dxe6 Kd8 48. Kc5 Ke7 49. Kxb5 Kxe6 50. Kxa5 Kxe5 51. Kb6 1-0

[Event "GER-chT U16"]
[Site "Verden"]
[Date "2003.07.05"]
[Round "1.3"]
[White "Bornhorst, Lars"]
[Black "Juenemann, Marcel"]
[Result "0-1"]
[WhiteElo "1155"]
[BlackElo "1376"]
[PlyCount "120"]
[EventDate "2003.07.05"]
[EventType "team"]
[EventRounds "7"]
[EventCountry "GER"]
[SourceTitle "EXT 2005"]
[Source "ChessBase"]
[SourceDate "2004.11.15"]
[SourceVersion "1"]
[SourceVersionDate "2004.11.15"]
[SourceQuality "1"]

1. d4 d5 2. c4 c6 3. Nc3 Nf6 4. Bf4 dxc4 5. a4 Bf5 6. e3 e6 7. Bxc4 Be7 8. Nf3 Nbd7 9. 0-0 h6 10. Bd3 Bxd3 11. Qxd3 Nh5 12. Ne2 0-0 13. Rfd1 Nb6 14. h3 Bd6 15. Qe4 Nxf4 16. Nxf4 Bxf4 17. Qxf4 Nd5 18. Qe4 Qb6 19. Qc2 Rac8 20. Ne5 Rfd8 21. Rdc1 Qc7 22. Qc5 f6 23. Nf3 b6 24. Qc4 Qd6 25. a5 b5 26. Qc5 Nb4 27. Rc3 Qxc5 28. Rxc5 Na6 29. Rc3 c5 30. Rac1 Rd5 31. dxc5 Rdxc5 32. Rxc5 Rxc5 33. Rxc5 Nxc5 34. Nd4 a6 35. Nc6 Nd3 36. b3 Kf7 37. Kf1 e5 38. b4 Ke6 39. Ke2 e4 40. f3 f5 41. g4 g6 42. Nd4+ Kf6 43. Nc2 Nc1+ 44. Kf2 Kg5 45. Kg3 Ne2+ 46. Kf2 exf3 47. Nd4 fxg4 48. hxg4 Nxd4 49. exd4 Kf4 50. d5 Ke5 51. Kxf3 Kxd5 52. Kf4 Ke6 53. Ke4 h5 54. gxh5 gxh5 55. Kf4 Kd5 56. Kg5 Kc4 57. Kxh5 Kxb4 58. Kg4 Kc3 59. Kf3 b4 60. Ke2 b3 0-1